[Event "BEM 2011 M-Klasse"]
[Site "Berlin"]
[Date "2012.04.09"]
[Round "3.8"]
[White "Keskowski, Thilo"]
[Black "Lerch, Philipp"]
[Result "0-1"]
[WhiteElo "2102"]
[BlackElo "2048"]
[PlyCount "67"]
[EventDate "2012.??.??"]
[WhiteTeam "SV Berolina Mitte"]
[BlackTeam "SK König Tegel 1949"]

1. c4 e5 2. g3 Nf6 3. Bg2 d5 4. cxd5 Nxd5 5. Nc3 Nb6 6. Nf3 Nc6 7. O-O Be7 8.
d3 O-O 9. a4 a5 10. Be3 Be6 11. Rc1 Nd5 12. d4 Nxe3 13. fxe3 exd4 14. exd4 Nb4
15. e4 c6 16. Kh1 Bf6 17. Ne2 Qd7 18. Qd2 Bb3 19. Nf4 g6 20. Qe3 Bxa4 21. e5
Bg7 22. e6 Qe7 23. b3 Bb5 24. Rfe1 Nd5 25. Nxd5 cxd5 26. exf7+ Qxf7 27. Ng5 Qf6
28. Bxd5+ Kh8 29. Rc7 Qd6 30. Rc5 Bc6 31. Bxc6 bxc6 32. Rc4 h6 33. Qe6 Qd5+ 34.
Ne4 0-1

[Event "BEM 2011 M-Klasse"]
[Site "Berlin"]
[Date "2012.04.09"]
[Round "3.9"]
[White "Shapiro, Yosip"]
[Black "Noetzel, Felix"]
[Result "0-1"]
[WhiteElo "2152"]
[BlackElo "2091"]
[PlyCount "164"]
[EventDate "2012.??.??"]
[WhiteTeam "SV Berolina Mitte"]
[BlackTeam "SC Borussia Friedrichsfelde 1920"]

1. Nf3 d5 2. b3 Nd7 3. Bb2 e6 4. d4 f5 5. e3 Ngf6 6. Bd3 Bd6 7. O-O Ne4 8. Ne5
O-O 9. f3 Nef6 10. Nd2 Qe8 11. c4 c6 12. a4 Qh5 13. Qe2 Bc7 14. b4 Nxe5 15.
dxe5 Nd7 16. f4 Qxe2 17. Bxe2 g5 18. Nf3 gxf4 19. exf4 a5 20. b5 Bb6+ 21. Kh1
Rd8 22. Bd4 c5 23. Bf2 d4 24. Bh4 Re8 25. Ne1 Bd8 26. Bf2 b6 27. Bf3 Ra7 28.
Bc6 Rc7 29. g4 fxg4 30. Rg1 Bb7 31. Rxg4+ Kf7 32. Bh4 Bxc6+ 33. bxc6 Nb8 34.
Nf3 Bxh4 35. Rxh4 Kg6 36. Rg1+ Kf5 37. Rg5+ Ke4 38. Ne1 Nxc6 39. f5+ Kxe5 40.
Nf3+ Kd6 41. fxe6 Rce7 42. Rd5+ Kc7 43. Ng5 Nd8 44. Kg2 Nb7 45. Ne4 Rg8+ 46.
Kf2 Rg6 47. Rd7+ Rxd7 48. exd7 Rg7 49. Ke2 Rxd7 50. Nf6 Re7+ 51. Kd2 Rf7 52.
Nd5+ Kc6 53. Rh6+ Nd6 54. Nxb6 Kxb6 55. Rxd6+ Kc7 56. Rh6 Kd7 57. h4 Ke7 58.
Rc6 Rf2+ 59. Ke1 Ra2 60. Rxc5 Rxa4 61. Kd2 Kd6 62. Rd5+ Kc6 63. Kd3 Ra1 64. Kc2
Rh1 65. Rh5 Rh3 66. Kd2 a4 67. Rxh7 Kc5 68. h5 Kxc4 69. h6 Rh2+ 70. Kc1 a3 71.
Rc7+ Kd3 72. Kb1 Rxh6 73. Ka2 Ra6 74. Rh7 Kc3 75. Rc7+ Kd2 76. Rh7 d3 77. Rh2+
Kc3 78. Rh8 d2 79. Rc8+ Kd3 80. Rd8+ Kc2 81. Rc8+ Kd1 82. Rh8 Ra5 0-1

[Event "BEM 2011 M-Klasse"]
[Site "Berlin"]
[Date "2012.04.10"]
[Round "4.1"]
[White "Paulsen, Dirk"]
[Black "Stern, Rene"]
[Result "1/2-1/2"]
[WhiteElo "2371"]
[BlackElo "2502"]
[PlyCount "44"]
[EventDate "2012.??.??"]
[WhiteTeam "SG Lasker Steglitz-Wilmersdorf"]
[BlackTeam "SK König Tegel 1949"]

1. d4 d5 2. c4 e6 3. Nf3 Nf6 4. Nc3 Nbd7 5. Bg5 c6 6. e3 Qa5 7. Nd2 dxc4 8.
Bxf6 Nxf6 9. Nxc4 Qc7 10. Be2 Be7 11. O-O O-O 12. Rc1 Rd8 13. Qc2 Bd7 14. Ne5
Be8 15. Bf3 Rac8 16. Ne4 Nd5 17. a3 Qb8 18. b4 h6 19. Qb3 Qa8 20. Nc3 Qb8 21.
Ne4 Qa8 22. Nc3 Qb8 1/2-1/2

[Event "BEM 2011 M-Klasse"]
[Site "Berlin"]
[Date "2012.04.10"]
[Round "4.2"]
[White "Kalinitschew, Sergey"]
[Black "Jahnz, Fabian"]
[Result "1-0"]
[WhiteElo "2430"]
[BlackElo "2245"]
[PlyCount "123"]
[EventDate "2012.??.??"]
[WhiteTeam "SC Kreuzberg"]
[BlackTeam "SK König Tegel 1949"]

1. Nf3 d5 2. g3 Bg4 3. Bg2 Nd7 4. c4 e6 5. cxd5 exd5 6. h3 Bh5 7. d3 Ngf6 8. g4
Bg6 9. Nh4 c6 10. Nxg6 hxg6 11. e3 Bd6 12. Nd2 Qe7 13. Rb1 a5 14. Qe2 a4 15. h4
d4 16. e4 Qe6 17. g5 Nh5 18. Nc4 Bc7 19. Bh3 Qe7 20. b4 axb3 21. axb3 b5 22.
Nb2 Ra2 23. Qc2 Qd6 24. Kd1 Ra6 25. Bd2 O-O 26. Bg4 Ne5 27. Be2 Nd7 28. Rc1 Nf4
29. Bg4 f5 30. gxf6 Nxf6 31. Bxf4 Qxf4 32. Be6+ Kh8 33. Qe2 Ra2 34. b4 Ra6 35.
Kc2 c5 36. Bb3 cxb4 37. h5 gxh5 38. Kb1 Rfa8 39. Rxh5+ Nxh5 40. Qxh5+ Rh6 41.
Qxb5 Be5 42. Bd5 Ra1+ 43. Kxa1 Qxc1+ 44. Ka2 Qc8 {(=)} 45. Nc4 Bf4 46. e5 Bxe5
47. Bb7 Qc7 48. Qe8+ Kh7 49. Be4+ g6 50. Qxe5 Qa7+ 51. Kb2 b3 52. Kxb3 Qa1 53.
Qe7+ Kh8 54. Ne5 Qc3+ 55. Ka4 Qc2+ 56. Kb5 Qb3+ 57. Qb4 Qg8 58. Qxd4 Rh5 59. f4
Qb3+ 60. Kc6 Qe6+ 61. Qd6 Qc8+ 62. Kb6 1-0

[Event "BEM 2011 M-Klasse"]
[Site "Berlin"]
[Date "2012.04.10"]
[Round "4.3"]
[White "Moeller, Hendrik"]
[Black "Boettcher, Patrick"]
[Result "1/2-1/2"]
[WhiteElo "2242"]
[BlackElo "2166"]
[PlyCount "173"]
[EventDate "2012.??.??"]
[WhiteTeam "SC Weisse Dame"]
[BlackTeam "SC Zitadelle Spandau 1977"]

1. c4 Nf6 2. g3 c5 3. Bg2 e6 4. Nf3 b6 5. Ne5 d5 6. cxd5 Nxd5 7. Qa4+ Bd7 8.
Nxd7 Qxd7 9. Qxd7+ Nxd7 10. Nc3 N7f6 11. O-O Be7 12. Rd1 O-O 13. d3 Rac8 14.
Bd2 Rfd8 15. Rac1 Nb4 16. Nb5 a6 17. Na7 Rc7 18. Bxb4 Rxa7 19. Bd2 Rad7 20. Rc2
Nd5 21. a3 Kf8 22. Rdc1 a5 23. h4 h5 24. Bf3 g6 25. Bh6+ Kg8 26. Kg2 Bf6 27.
Rb1 Ne7 28. Be4 Nd5 29. Bg5 Kg7 30. Kf1 Be7 31. Bf3 f6 32. Bd2 e5 33. Kg2 Nc7
34. b4 axb4 35. axb4 Ne6 36. bxc5 Bxc5 37. Bb4 Nd4 38. Rc4 Rc7 39. Bxc5 bxc5
40. Rbc1 Rdc8 41. e3 Nf5 42. Ra4 Rd8 43. Rc3 Nd6 44. Ra5 Rdc8 45. Ra6 Nf5 46.
Bd5 Rd8 47. Bf3 Rdc8 48. Be4 Ne7 49. Ra1 Kf7 50. f4 exf4 51. gxf4 Rd8 52. Rac1
f5 53. Bf3 Rcd7 54. Rd1 Nd5 55. Bxd5+ Rxd5 {(=)} 56. Kf3 Ke6 57. Ke2 Ra8 58.
Rc2 Ra3 59. Rcd2 Rd6 60. Rc1 Kd5 61. Rdc2 Rc6 62. Rb1 Ra5 63. Rb8 Rca6 64. Kf3
Ra3 65. Rd8+ Rd6 66. Rxd6+ Kxd6 67. Rg2 Rxd3 68. Rxg6+ Ke7 69. Rg5 Ke6 70. Rxh5
c4 71. Rh8 Rd7 72. Re8+ Kd6 73. Re5 c3 74. Ra5 Rc7 75. Ra1 Kd5 76. Ke2 Kc4 77.
Kd1 Kd3 78. Ra5 Kxe3 79. Rxf5 Ke4 80. Rf8 Rh7 81. f5 Ke5 82. f6 Rxh4 83. f7 Ke6
84. Kc2 Rh3 85. Rc8 Kxf7 86. Rxc3 Rxc3+ 87. Kxc3 1/2-1/2

[Event "BEM 2011 M-Klasse"]
[Site "Berlin"]
[Date "2012.04.10"]
[Round "4.4"]
[White "Offermann, Fernando"]
[Black "Lerch, Philipp"]
[Result "0-1"]
[WhiteElo "2130"]
[BlackElo "2048"]
[PlyCount "68"]
[EventDate "2012.??.??"]
[WhiteTeam "SF Berlin 1903"]
[BlackTeam "SK König Tegel 1949"]

1. Nf3 d5 2. g3 c6 3. Bg2 Nf6 4. O-O Bg4 5. d3 e6 6. c4 Bd6 7. h3 Bh5 8. Qc2
O-O 9. b3 e5 10. e4 dxe4 11. dxe4 Bxf3 12. Bxf3 Qe7 13. a3 a5 14. Nc3 Na6 15.
Bb2 Rad8 16. Ne2 b6 17. Bg2 {(=)} Bc5 18. Kh2 Rfe8 19. f4 exf4 20. e5 fxg3+ 21.
Nxg3 Nd7 22. Bxc6 Qg5 23. Bd5 Nxe5 24. Rae1 Rxd5 25. cxd5 Nf3+ 26. Rxf3 Rxe1
27. Qd3 Bd6 28. Bc3 Nc5 29. Qc4 Re8 30. h4 Qg6 31. Kh3 h5 32. Qd4 Ne4 33. Be1
Qg4+ 34. Kg2 Nxg3 0-1

[Event "BEM 2011 M-Klasse"]
[Site "Berlin"]
[Date "2012.04.10"]
[Round "4.5"]
[White "Dimitrijeski, Kristian"]
[Black "Moritz, Aron"]
[Result "1/2-1/2"]
[WhiteElo "2207"]
[BlackElo "2104"]
[PlyCount "87"]
[EventDate "2012.??.??"]
[WhiteTeam "SK König Tegel 1949"]
[BlackTeam "SV Empor Berlin"]

1. d4 g6 2. c4 Bg7 3. e4 d6 4. Nf3 Nf6 5. Nc3 O-O 6. Be2 Na6 7. O-O e5 8. Re1
Qe8 9. Bf1 Bg4 10. d5 Nb4 11. Qb3 a5 12. a3 Na6 13. Qxb7 Qe7 14. Qb3 Bxf3 15.
gxf3 Nc5 16. Qc2 a4 17. Be3 Nb3 18. Rad1 Nd4 19. Bxd4 exd4 20. Ne2 Nh5 21. Bg2
Qh4 22. f4 Nxf4 23. Nxf4 Qxf4 24. Qd2 Qxd2 25. Rxd2 Rab8 26. Bh3 Bh6 27. Rxd4
Rxb2 28. c5 Ra8 29. cxd6 cxd6 30. Bd7 Rb3 31. Bc6 Ra7 32. e5 Bf8 33. Rxa4 Rxa4
34. Bxa4 Rxa3 35. Bc6 Kg7 36. e6 Be7 37. Be8 f5 38. Rb1 Ra8 39. Bc6 Rd8 40. Rb7
Kf6 41. Kg2 g5 42. h3 Rg8 43. f3 Ra8 44. Rb2 1/2-1/2

[Event "BEM 2011 M-Klasse"]
[Site "Berlin"]
[Date "2012.04.10"]
[Round "4.6"]
[White "Jaervinen, Rauno"]
[Black "Stark, Ingo"]
[Result "0-1"]
[WhiteElo "2182"]
[BlackElo "2184"]
[PlyCount "116"]
[EventDate "2012.??.??"]
[WhiteTeam "SF Berlin 1903"]
[BlackTeam "TSG Oberschöneweide"]

1. d4 Nf6 2. c4 c5 3. d5 e6 4. Nc3 exd5 5. cxd5 d6 6. Nf3 g6 7. e4 Bg7 8. Bd3
O-O 9. O-O a6 10. a4 Re8 11. Bg5 h6 12. Bh4 Nbd7 13. Bg3 Qe7 14. Nd2 Nh5 15. f4
Nxg3 16. hxg3 Nf6 17. Be2 h5 18. f5 gxf5 19. Bxh5 Nxh5 20. Qxh5 Bd4+ 21. Rf2
Kg7 22. Qh4 Qxh4 23. gxh4 Bd7 24. Kf1 Bxf2 25. Kxf2 b5 26. Kf3 b4 27. Nd1 fxe4+
28. Nxe4 Bg4+ 29. Kf4 f5 30. Ndf2 Re5 31. Nxd6 Rxd5 32. Nxg4 Rxd6 33. Ne3 Rd4+
34. Kg5 Rd2 35. Nxf5+ Kf7 36. g4 Rxb2 37. Re1 Rg8+ 38. Kh5 Kf8 39. Rc1 b3 40.
Rxc5 Rc2 41. Rd5 b2 42. Rd8+ Kf7 43. Rd7+ Kf6 44. Rb7 Re8 45. Nh6 Ke6 46. g5
Kd6 47. Ng4 Re1 48. Kg6 b1=Q 49. Rxb1 Rxb1 50. h5 Ke7 51. h6 Kf8 52. Ne5 Rc7
53. a5 Rd1 54. Kh5 Rd5 55. Ng6+ Kg8 56. Nf4 Rxa5 57. Ne6 Re7 58. Nf4 Ree5 0-1

[Event "BEM 2011 M-Klasse"]
[Site "Berlin"]
[Date "2012.04.10"]
[Round "4.7"]
[White "Slepuschkin, Shenis"]
[Black "Gebigke, Martin"]
[Result "1/2-1/2"]
[WhiteElo "2095"]
[BlackElo "2180"]
[PlyCount "98"]
[EventDate "2012.??.??"]
[WhiteTeam "SK Zehlendorf"]
[BlackTeam "SV Berolina Mitte"]

1. e4 c6 2. c4 d5 3. exd5 cxd5 4. cxd5 Qxd5 5. Nc3 Qd6 6. d4 Nf6 7. Nf3 e6 8.
Bd3 Be7 9. O-O O-O 10. Nb5 Qd8 11. Bf4 Nc6 12. Bg3 a6 13. Nc3 Nb4 14. Be2 Bd7
15. Ne5 Be8 16. Bf3 Nbd5 17. Qb3 b5 18. Rac1 Qb6 19. Nxd5 Nxd5 20. Bxd5 exd5
21. Nf3 f6 22. Rc7 Ra7 23. Qxd5+ Bf7 24. Qd7 Rxc7 25. Bxc7 Qe6 26. Qxe6 Bxe6
27. a3 Rc8 28. Ba5 Bd5 29. Bc3 Bxa3 30. Ra1 Bf8 31. Rxa6 b4 32. Bd2 Rc2 33. Bf4
g5 34. Be3 Rxb2 35. h4 g4 36. Nd2 Kf7 37. h5 Ra2 38. Rb6 Be7 39. Kh2 Ra4 40.
Kg3 f5 41. Kf4 Ra5 42. Kxf5 Bd8 43. Rxb4 Be6+ 44. Ke4 Bf5+ 45. Kf4 Bc7+ 46. Kg5
Bd8+ 47. Kf4 Bc7+ 48. Kg5 Bd8+ 49. Kf4 Bc7+ 1/2-1/2

[Event "BEM 2011 M-Klasse"]
[Site "Berlin"]
[Date "2012.04.10"]
[Round "4.8"]
[White "Noetzel, Felix"]
[Black "Zschaebitz, Klaus"]
[Result "1-0"]
[WhiteElo "2091"]
[BlackElo "2123"]
[PlyCount "125"]
[EventDate "2012.??.??"]
[WhiteTeam "SC Borussia Friedrichsfelde 1920"]
[BlackTeam "BSG 1827 Eckbauer"]

1. e4 g6 2. d4 Bg7 3. Nc3 d6 4. Bc4 e6 5. Be3 a6 6. a4 Nd7 7. Qd2 Ne7 8. Nf3 h6
9. O-O b6 10. h3 Bb7 11. d5 e5 12. Nh2 g5 13. Be2 Nf6 14. Ng4 Ng6 15. g3 Bc8
16. Qd1 Ng8 17. f3 h5 18. Nf2 h4 19. g4 Nf4 20. a5 b5 21. Na2 Bd7 22. Nb4 Ne7
23. Qd2 O-O 24. Rfd1 Nxe2+ 25. Qxe2 Ng6 26. Nfd3 Re8 27. Qd2 Bf6 28. Qc3 Kg7
29. Nc6 Bxc6 30. Qxc6 Qb8 31. Nb4 Ne7 32. Qc3 Qb7 33. Rd3 Ng6 34. Qd2 Nf4 35.
Bxf4 exf4 36. c3 Qc8 37. Nc6 Qd7 38. Qc2 Be5 39. Ra2 Kh6 40. c4 bxc4 41. Qxc4
Rab8 42. Rb3 Rxb3 43. Qxb3 Ra8 44. Ra4 Qe8 45. Rb4 Qh8 46. Kf1 Re8 47. Ke2 Bf6
48. Kd3 Qg7 49. Kc2 Qg6 50. Qc4 Ra8 51. Rb7 Qg7 52. Qb4 Rc8 53. Ra7 Qh8 54.
Rxa6 Ra8 55. Rxa8 Qxa8 56. Qb5 Qh8 57. Qb8 Qg7 58. a6 Bd4 59. a7 Bxa7 60. Qxa7
f6 61. Qb8 Qf7 62. Qh8+ Kg6 63. Nd8 1-0

[Event "BEM 2011 M-Klasse"]
[Site "Berlin"]
[Date "2012.04.10"]
[Round "4.9"]
[White "Shapiro, Yosip"]
[Black "Keskowski, Thilo"]
[Result "1/2-1/2"]
[WhiteElo "2152"]
[BlackElo "2102"]
[PlyCount "88"]
[EventDate "2012.??.??"]
[WhiteTeam "SV Berolina Mitte"]
[BlackTeam "SV Berolina Mitte"]

1. Nf3 Nf6 2. c4 c5 3. g3 g6 4. Bg2 Bg7 5. O-O Nc6 6. Nc3 e5 7. d3 O-O 8. Ne4
Qe7 9. Bg5 Nd8 10. Rb1 Ne6 11. Nxf6+ Bxf6 12. Bxf6 Qxf6 13. Nd2 Qe7 14. a3 Rb8
15. b4 d6 16. Ne4 f5 17. Nc3 f4 18. Nd5 Qg7 19. Nc3 Bd7 20. bxc5 Nxc5 21. Nb5
Bxb5 22. Rxb5 b6 23. a4 g5 24. a5 bxa5 25. Rxa5 g4 26. Bd5+ Kh8 27. Qa1 Nb3 28.
Rxa7 Nxa1 29. Rxg7 Kxg7 30. Rxa1 h5 31. Ra7+ Kh6 32. Ra6 Rf6 33. c5 h4 34. gxh4
f3 35. exf3 gxf3 36. Ra1 dxc5 37. h3 Rb2 38. Be4 Kh5 39. Ra7 Kxh4 40. Rh7+ Kg5
41. Rg7+ Kh5 42. Rh7+ Kg5 43. Rg7+ Kh5 44. Rh7+ Kg5 1/2-1/2

[Event "BEM 2011 M-Klasse"]
[Site "Berlin"]
[Date "2012.04.11"]
[Round "5.1"]
[White "Stern, Rene"]
[Black "Moeller, Hendrik"]
[Result "1-0"]
[WhiteElo "2502"]
[BlackElo "2242"]
[PlyCount "75"]
[EventDate "2012.??.??"]
[WhiteTeam "SK König Tegel 1949"]
[BlackTeam "SC Weisse Dame"]

1. d4 Nf6 2. c4 e6 3. Nc3 Bb4 4. Bd2 c5 5. dxc5 Bxc5 6. Nf3 O-O 7. g3 d5 8.
cxd5 exd5 9. Bg2 Nc6 10. O-O a6 11. Rc1 h6 12. Bf4 Ba7 13. Ne5 Re8 14. Nxc6
bxc6 15. Qd3 a5 16. Kh1 Qe7 17. Rc2 Bg4 18. f3 Bh5 19. e4 Bg6 20. Re2 d4 21.
Nd1 Nd5 22. Bd2 Nb4 23. Qb1 Qe6 24. Bxb4 axb4 25. Nf2 b3 26. axb3 Qxb3 27. Nd3
c5 28. Qc2 Qb5 29. Rc1 f5 30. Nf4 Bf7 31. e5 c4 32. e6 d3 33. exf7+ Kxf7 34.
Rxe8 Rxe8 35. Qc3 Qb3 36. Qxb3 cxb3 37. Nxd3 Bd4 38. Bf1 1-0

[Event "BEM 2011 M-Klasse"]
[Site "Berlin"]
[Date "2012.04.11"]
[Round "5.2"]
[White "Kalinitschew, Sergey"]
[Black "Paulsen, Dirk"]
[Result "1/2-1/2"]
[WhiteElo "2430"]
[BlackElo "2371"]
[PlyCount "38"]
[EventDate "2012.??.??"]
[WhiteTeam "SC Kreuzberg"]
[BlackTeam "SG Lasker Steglitz-Wilmersdorf"]

1. Nf3 Nf6 2. c4 e6 3. Nc3 d5 4. d4 Be7 5. Bg5 Ne4 6. Bxe7 Qxe7 7. Qc2 Nxc3 8.
Qxc3 O-O 9. Rc1 c6 10. e3 Nd7 11. Bd3 Re8 12. O-O dxc4 13. Bxc4 e5 14. dxe5
Nxe5 15. Nxe5 Qxe5 16. Qxe5 Rxe5 17. Rfd1 Kf8 18. Rd4 Re7 19. Rcd1 Bf5 1/2-1/2

[Event "BEM 2011 M-Klasse"]
[Site "Berlin"]
[Date "2012.04.11"]
[Round "5.3"]
[White "Boettcher, Patrick"]
[Black "Jahnz, Fabian"]
[Result "1/2-1/2"]
[WhiteElo "2166"]
[BlackElo "2245"]
[PlyCount "44"]
[EventDate "2012.??.??"]
[WhiteTeam "SC Zitadelle Spandau 1977"]
[BlackTeam "SK König Tegel 1949"]

1. d4 d5 2. Nf3 Nf6 3. c4 dxc4 4. e3 Bg4 5. Bxc4 e6 6. h3 Bh5 7. O-O a6 8. Be2
Nc6 9. Nc3 Bd6 10. b3 O-O 11. Bb2 Qe8 12. Nh4 Bxe2 13. Qxe2 e5 14. dxe5 Bxe5
15. Rfd1 Qe6 16. Nf3 Bd6 17. Rac1 Rad8 18. Na4 Ne4 19. Nd2 Nxd2 20. Rxd2 Qe7
21. Rcd1 Bb4 22. Rd3 Rxd3 1/2-1/2

[Event "BEM 2011 M-Klasse"]
[Site "Berlin"]
[Date "2012.04.11"]
[Round "5.4"]
[White "Lerch, Philipp"]
[Black "Dimitrijeski, Kristian"]
[Result "1/2-1/2"]
[WhiteElo "2048"]
[BlackElo "2207"]
[PlyCount "91"]
[EventDate "2012.??.??"]
[WhiteTeam "SK König Tegel 1949"]
[BlackTeam "SK König Tegel 1949"]

1. e4 c6 2. d4 d5 3. exd5 cxd5 4. c4 Nf6 5. Nc3 g6 6. Qb3 Bg7 7. cxd5 O-O 8.
Be2 Nbd7 9. Bf3 Nb6 10. Nge2 Bf5 11. O-O Bd3 12. d6 Qxd6 13. Bxb7 Rad8 14. Bf4
Qd7 15. Bf3 Bc4 16. Qc2 Rc8 17. Qd2 Nfd5 18. Rfd1 Nxf4 19. Qxf4 Rfd8 20. h3
Bxe2 21. Nxe2 e5 22. dxe5 Qxd1+ 23. Rxd1 Rxd1+ 24. Kh2 Nc4 25. g3 Nxe5 26. Nc3
Rd4 27. Be4 Nd3 28. Qf3 Ne5 29. Qe2 Rcd8 30. Nd5 R4xd5 31. Bxd5 Rxd5 32. Kg2 h5
33. b4 {(=)} Rd4 34. b5 Kh7 35. Qc2 Nc4 36. Qb3 Nd6 37. a4 Rd2 38. Qb4 Rd4 39.
Qa5 Ne4 40. g4 hxg4 41. hxg4 Rd7 42. Qe1 f5 43. Qh1+ Kg8 44. gxf5 gxf5 45. Qh5
Rd2 46. Qe8+ 1/2-1/2

[Event "BEM 2011 M-Klasse"]
[Site "Berlin"]
[Date "2012.04.11"]
[Round "5.5"]
[White "Stark, Ingo"]
[Black "Noetzel, Felix"]
[Result "1-0"]
[WhiteElo "2184"]
[BlackElo "2091"]
[PlyCount "87"]
[EventDate "2012.??.??"]
[WhiteTeam "TSG Oberschöneweide"]
[BlackTeam "SC Borussia Friedrichsfelde 1920"]

1. e4 d5 2. exd5 Qxd5 3. Nf3 Bg4 4. Be2 Nc6 5. O-O O-O-O 6. d3 Nf6 7. Be3 Qf5
8. Nbd2 e5 9. Ng5 Bxe2 10. Qxe2 Nd5 11. Nge4 Qg6 12. Nc3 Nd4 13. Bxd4 exd4 14.
Nxd5 Rxd5 15. Qe8+ Rd8 16. Qa4 Kb8 17. Rae1 Bd6 18. Nf3 Qh5 19. Re4 c5 20. Rh4
Qd5 21. Re4 f5 22. Re2 g5 23. Rfe1 g4 24. Ne5 f4 25. Qb3 Qxb3 26. axb3 Rhf8 27.
Nxg4 f3 28. gxf3 Rxf3 29. Re8 Kc7 30. Rxd8 Kxd8 31. Re6 Kd7 32. Rh6 Rf7 33.
Rxh7 Rxh7 34. Nf6+ Ke7 35. Nxh7 Bf4 36. h4 Bc1 37. Ng5 Bxb2 38. Ne4 Ba3 39. h5
Bb4 40. h6 Kf8 41. Nd6 Kg8 42. Nxb7 Kh7 43. Kg2 Kxh6 44. Kf3 1-0

[Event "BEM 2011 M-Klasse"]
[Site "Berlin"]
[Date "2012.04.11"]
[Round "5.6"]
[White "Moritz, Aron"]
[Black "Offermann, Fernando"]
[Result "1/2-1/2"]
[WhiteElo "2104"]
[BlackElo "2130"]
[PlyCount "50"]
[EventDate "2012.??.??"]
[WhiteTeam "SV Empor Berlin"]
[BlackTeam "SF Berlin 1903"]

1. e4 c5 2. Nf3 d6 3. d4 cxd4 4. Nxd4 Nf6 5. Nc3 a6 6. Be3 e6 7. f4 b5 8. Qf3
Bb7 9. Bd3 Nbd7 10. g4 b4 11. Nce2 Nc5 12. Ng3 e5 13. Ndf5 exf4 14. Bxf4 d5 15.
O-O-O Qa5 16. Rhe1 O-O-O 17. g5 dxe4 18. Nxe4 Nxd3+ 19. Rxd3 Rxd3 20. Qxd3 Nxe4
21. Rxe4 Bxe4 22. Qxe4 Qb5 23. Qa8+ Kd7 24. Qa7+ Ke8 25. Qa8+ Kd7 1/2-1/2

[Event "BEM 2011 M-Klasse"]
[Site "Berlin"]
[Date "2012.04.11"]
[Round "5.7"]
[White "Gebigke, Martin"]
[Black "Jaervinen, Rauno"]
[Result "0-1"]
[WhiteElo "2180"]
[BlackElo "2182"]
[PlyCount "75"]
[EventDate "2012.??.??"]
[WhiteTeam "SV Berolina Mitte"]
[BlackTeam "SF Berlin 1903"]

1. d4 Nf6 2. c4 e5 3. dxe5 Ng4 4. Nf3 Bc5 5. e3 Nc6 6. Be2 Ngxe5 7. O-O O-O 8.
Nxe5 Nxe5 9. Nc3 Re8 10. Kh1 b6 11. f4 Nc6 12. Rf3 h5 13. Nd5 h4 14. f5 Ne5 15.
f6 Nxf3 16. Bxf3 c6 17. b4 Bf8 18. Bb2 g5 19. Qd4 cxd5 20. Bxd5 d6 21. Bxa8 Re5
22. Rf1 h3 23. g4 Bxg4 24. Bd5 Qd7 25. Qd3 Rf5 26. Rxf5 Bxf5 27. Qd1 Bg4 28.
Qc2 Bf5 29. Qf2 Bg6 30. b5 Qg4 31. Qf3 Qh4 32. Bc3 g4 33. Qf1 Bh6 34. Bd4 Bg5
35. Qe2 Bh5 36. Qf1 Kf8 37. Qg1 Bxf6 38. Qg3 {ZUe Weiss} 0-1

[Event "BEM 2011 M-Klasse"]
[Site "Berlin"]
[Date "2012.04.11"]
[Round "5.8"]
[White "Keskowski, Thilo"]
[Black "Slepuschkin, Shenis"]
[Result "0-1"]
[WhiteElo "2102"]
[BlackElo "2095"]
[PlyCount "104"]
[EventDate "2012.??.??"]
[WhiteTeam "SV Berolina Mitte"]
[BlackTeam "SK Zehlendorf"]

1. c4 g6 2. g3 Bg7 3. Bg2 c6 4. Nc3 d6 5. e3 Nf6 6. Nge2 O-O 7. O-O Bg4 8. h3
Bd7 9. f4 Ne8 10. Kh2 Na6 11. d4 e5 12. e4 Qc8 13. Be3 Nec7 14. Rc1 Rd8 15.
fxe5 dxe5 16. Bg5 exd4 17. Bxd8 dxc3 18. Bf6 cxb2 19. Rb1 Bxf6 20. Rxf6 Be6 21.
Qc2 Ne8 22. Rff1 Nd6 23. Qxb2 Nxc4 24. Qc3 Nb6 25. Qa1 Bc4 26. Rf2 Qe6 27. Nf4
Qe7 28. a4 Nc5 29. a5 Nbd7 30. Qa3 Re8 31. Rc2 Bb5 32. Re1 Nd3 33. Qxe7 Rxe7
34. Re3 N3e5 35. Kg1 b6 36. axb6 axb6 37. Ra2 Nc5 38. Bf1 Bxf1 39. Kxf1 Nc4 40.
Rc3 Rxe4 41. Re2 Rd4 42. Re8+ Kg7 43. Ne2 Rd1+ 44. Kg2 Nd6 45. Rb8 Rd2 46. Kf3
Nd7 47. Ra8 Ne5+ 48. Ke3 Nec4+ 49. Kf3 b5 50. Nc1 Ne5+ 51. Kf4 Kf6 52. Nb3 Re2
0-1

[Event "BEM 2011 M-Klasse"]
[Site "Berlin"]
[Date "2012.04.11"]
[Round "5.9"]
[White "Zschaebitz, Klaus"]
[Black "Shapiro, Yosip"]
[Result "1-0"]
[WhiteElo "2123"]
[BlackElo "2152"]
[PlyCount "123"]
[EventDate "2012.??.??"]
[WhiteTeam "BSG 1827 Eckbauer"]
[BlackTeam "SV Berolina Mitte"]

1. d4 Nf6 2. c4 g6 3. g3 Bg7 4. Bg2 d6 5. Nc3 O-O 6. Nf3 Nc6 7. h3 Bf5 8. d5
Na5 9. Nd2 c5 10. O-O Ne8 11. e4 Bd7 12. Qe2 Nc7 13. f4 Rb8 14. e5 b5 15. b3
bxc4 16. bxc4 Bc8 17. Ba3 Ba6 18. Rab1 Na8 19. Rxb8 Qxb8 20. Rb1 Nb6 21. Na4
Bxc4 22. Nxc4 Naxc4 23. Bc1 dxe5 24. Nxc5 Qc8 25. Nd3 Nxd5 26. Bxd5 exf4 27.
Nxf4 Qc5+ 28. Kh2 Nb6 29. Be3 Qd6 30. Bf3 e5 31. Nd3 Re8 32. Bc5 Qd7 33. Nb4 e4
34. Bg2 Na4 35. Qc2 Nc3 36. Rb3 a5 37. Na6 Ra8 38. Bxe4 Nxe4 39. Qxe4 Qc8 40.
Qxa8 Qxa8 41. Rb8+ Qxb8 42. Nxb8 h5 43. Nc6 a4 44. Bd4 Bf8 45. Bf6 Ba3 46. g4
hxg4 47. hxg4 Kf8 48. Ne5 Bd6 49. Kg2 Bxe5 50. Bxe5 f5 51. g5 Ke7 52. a3 Ke6
53. Bf4 Kd5 54. Kf3 Kd4 55. Bc7 Kd5 56. Ke3 Kc4 57. Bb8 Kb3 58. Bd6 Kc3 59. Be7
Kc4 60. Bb4 Kd5 61. Kd3 f4 62. Bc3 1-0

[Event "BEM 2011 M-Klasse"]
[Site "Berlin"]
[Date "2012.04.12"]
[Round "6.1"]
[White "Stark, Ingo"]
[Black "Stern, Rene"]
[Result "1-0"]
[WhiteElo "2184"]
[BlackElo "2502"]
[PlyCount "86"]
[EventDate "2012.??.??"]
[WhiteTeam "TSG Oberschöneweide"]
[BlackTeam "SK König Tegel 1949"]

1. e4 e5 2. Nf3 Nc6 3. Bb5 a6 4. Ba4 Nf6 5. O-O Be7 6. Re1 b5 7. Bb3 d6 8. c3
O-O 9. h3 Na5 10. Bc2 c5 11. d4 Qc7 12. Nbd2 Be6 13. d5 Bd7 14. b3 Nb7 15. Nf1
Ne8 16. g4 g6 17. Bh6 Ng7 18. Ng3 f6 19. Kh1 Nd8 20. Rg1 Nf7 21. Qd2 Nxh6 22.
Qxh6 Rf7 23. Qe3 c4 24. b4 a5 25. a3 Bd8 26. Raf1 axb4 27. axb4 Ra2 28. Bb1 Ra3
29. Ne1 Qa7 30. Qc1 Bb6 31. Qd2 Bc8 32. Nc2 Rb3 33. Rg2 g5 34. Nf5 Nxf5 35.
gxf5 Rg7 36. Rg3 Bxf2 37. Rxf2 Rxb1+ 38. Kg2 Rb2 39. Kf3 Bd7 40. h4 h6 41. hxg5
hxg5 42. Rg1 Rh7 43. Ra1 Qxa1 1-0

[Event "BEM 2011 M-Klasse"]
[Site "Berlin"]
[Date "2012.04.12"]
[Round "6.2"]
[White "Boettcher, Patrick"]
[Black "Kalinitschew, Sergey"]
[Result "0-1"]
[WhiteElo "2166"]
[BlackElo "2430"]
[PlyCount "82"]
[EventDate "2012.??.??"]
[WhiteTeam "SC Zitadelle Spandau 1977"]
[BlackTeam "SC Kreuzberg"]

1. d4 Nf6 2. c4 e6 3. g3 c5 4. d5 exd5 5. cxd5 d6 6. Nf3 g6 7. Nc3 Bg7 8. Bg2
O-O 9. O-O Re8 10. h3 a6 11. a4 Nbd7 12. Nd2 Rb8 13. Nc4 Nb6 14. Na3 Bd7 15. a5
Nc8 16. Nc4 Qc7 17. Re1 Bb5 18. Qb3 Bxc4 19. Qxc4 b5 20. axb6 Nxb6 21. Qa2 Nfd7
22. Bf4 Ra8 23. Rac1 Ne5 24. Ne4 h6 25. b4 c4 26. Nc3 Nd3 27. exd3 Rxe1+ 28.
Rxe1 Bxc3 29. Rc1 Bxb4 30. dxc4 Kh7 31. Be3 Nd7 32. Bd4 a5 33. Ba1 Re8 34. Qb2
f6 35. h4 Ne5 36. h5 gxh5 37. Qc2+ Kg7 38. Qf5 Qf7 39. f4 Bc5+ 40. Kf1 Ng4 41.
Qd3 Nh2# 0-1

[Event "BEM 2011 M-Klasse"]
[Site "Berlin"]
[Date "2012.04.12"]
[Round "6.3"]
[White "Lerch, Philipp"]
[Black "Paulsen, Dirk"]
[Result "1/2-1/2"]
[WhiteElo "2048"]
[BlackElo "2371"]
[PlyCount "69"]
[EventDate "2012.??.??"]
[WhiteTeam "SK König Tegel 1949"]
[BlackTeam "SG Lasker Steglitz-Wilmersdorf"]

1. d4 Nf6 2. c4 e6 3. g3 c5 4. d5 exd5 5. cxd5 g6 6. Nc3 Bg7 7. Bg2 d6 8. Nf3
O-O 9. O-O a6 10. a4 Nbd7 11. h3 Rb8 12. a5 Ne8 13. Bg5 Ndf6 14. Nd2 h6 15.
Bxf6 Nxf6 16. Nc4 Qe7 17. Qc2 Ne8 18. Rab1 Nc7 19. e4 Nb5 20. Nxb5 axb5 21. Nb6
c4 22. f4 f5 23. Nxc8 Rbxc8 24. exf5 gxf5 25. Rfe1 Qf6 26. Re6 Qd4+ 27. Kh2 b4
28. Rxd6 b3 29. Qe2 c3 30. bxc3 Rxc3 31. Rb6 Re3 32. Qf2 Rfe8 {(=)} 33. R1xb3
Re1 34. Qxd4 Bxd4 35. Re6 1/2-1/2